000 00433nam a22001457a 4500
008 250519b |||||||| |||| 00| 0 eng d
020 _a9780241628973
050 _aQB991.Q36
_b.R68
100 _aRovell Carlo
245 _aWhite Holes Inside The Horizon
260 _aMilano
_bAllen Lane
_c2023
300 _a146p.
_billustration
650 _aWhite Holes (Astronomy) - Popular.
_vBlack Holes (Astronomy) - Popular Works.
942 _cBK
999 _c3548
_d3548